VÝZNAM STATIKY V ŽIVOTE INŽINIERA

Bibliographic Details
Main Authors: Havelka, Karol, 1900-1970 (Author), Sattler, Konrad (Author)
Format: Article
Language:Slovak

MARC

LEADER 00000nab a2200000uu 4500
001 vtls010894597
003 SK-MaSNL
005 20260303142115.0
008 230222|1966 xo |||||||||||||||||slo|
015 |a SNBRB 
035 |a (urnnbn)urn:nbn:sk:snk:ar-006gx5 
035 |a (uuid)5f6b9968-c76e-437a-8ce2-a8131e7b8358 
035 |a urn:nbn:sk:snk-ab8nox 
040 |a SNKBUCL  |b slo  |c SNKBUCL  |e AACR2 
041 0 |a slo 
044 |a xo  |c SK 
100 1 |a Havelka, Karol,  |d 1900-1970  |4 aut  |9 99353 
245 1 0 |a VÝZNAM STATIKY V ŽIVOTE INŽINIERA  |c K. Havelka, Konrad Sattler 
700 1 |a Sattler, Konrad  |4 aut  |9 1162177 
773 0 |t Stavebnícky časopis : mesačník pre teoretické problémy stavebných látok a konštrukcií  |g Roč. 14, č. 3 (1966), s. 125-135 
954 |a odborná, vedecká literatúra pôvodná (slovenská)  |2 lita 
958 |a OND 
958 |a EUIPO 
958 |a article10 
999 |c 1980821  |d 1982751